000
00238nam a2200097Ia 4500
008
120527s9999 xx 000 0 und d
100
_a
DWIVEDI,D.N
245
_a
Macroeconomics:theory and policy.
260
_b
Tata Mcgraw-hill
942
_c
BK
999
_c
24160
_d
24160